The Role of Business Process Management in Hotel Innovation and Competitiveness

Tento článok predstavuje zistenia z výskumu úlohy riadenia obchodných procesov a merania výkonnosti pri podpore inovácií a zvyšovaní konkurencieschopnosti v hoteloch na Slovensku. Jeho cieľom je posúdiť súčasné uplatňovanie riadenia procesov v týchto zariadeniach a navrhnúť vhodný systém spolu s teo...

ver descrição completa

Na minha lista:
Detalhes bibliográficos
Autor principal: Šebová, Ľubica, 1978-
Outros Autores: Švec, Adrián, Chovanová, Klára
Formato: Capítulo de Livro
Idioma:inglês
Assuntos:
Tags: Adicionar Tag
Sem tags, seja o primeiro a adicionar uma tag!

MARC

LEADER 00000naa a2200000 4500
001 0314212
005 20260120100828.6
041 0 |a eng 
044 |a CH 
245 1 0 |a The Role of Business Process Management in Hotel Innovation and Competitiveness  |c Ľubica Šebová, Adrián Švec, Klára Chovanová 
520 |a Tento článok predstavuje zistenia z výskumu úlohy riadenia obchodných procesov a merania výkonnosti pri podpore inovácií a zvyšovaní konkurencieschopnosti v hoteloch na Slovensku. Jeho cieľom je posúdiť súčasné uplatňovanie riadenia procesov v týchto zariadeniach a navrhnúť vhodný systém spolu s teoretickými a praktickými odporúčaniami na zlepšenie systémov riadenia a merania výkonnosti pomocou metodík riadenia procesov. 
610 2 0 |a ruch cestovný 
610 2 0 |a hotelierstvo 
610 2 0 |a manažment 
610 2 0 |a konkurencieschopnosť 
100 1 |a Šebová, Ľubica, 1978- 
700 1 |a Švec, Adrián 
700 1 |a Chovanová, Klára